Studia Arnaldiana : trabajos en torno a la obra médica de Arnau de Vilanova, c. 1240-1311 / Juan A. Paniagua trabajos en torno a la obra médica de Arnau de Vilanova, c. 1240-1311 / Juan A. Paniagua
Descripción Física:
507 p. ; 23 cm
MARC
| LEADER | 00000nam a2200000Ia 4500 | ||
|---|---|---|---|
| 001 | 10784 | ||
| 008 | 160829s9999 xx 000 0 cat d | ||
| 080 | |a C-1-301 | ||
| 100 | |a Paniagua, Juan A. |9 30941 | ||
| 245 | |a Studia Arnaldiana : |b trabajos en torno a la obra médica de Arnau de Vilanova, c. 1240-1311 / Juan A. Paniagua | ||
| 260 | |a Barcelona : |b Fundació Uriach 1838, DL 1994 | ||
| 300 | |a 507 p. ; |c 23 cm | ||
| 600 | 1 | 0 | |a Vilanova, Arnau de, |d aproximadament 1238-1311 |9 36821 |
| 650 | |a Medicina |x S. XIII/XIV |9 30943 | ||
| 901 | |a Arxiu | ||
| 942 | |n 1 | ||
| 952 | |0 0 |1 0 |4 0 |6 C1301 |7 1 |9 45579 |a Arxiu |b Arxiu |d 2016-12-01 |l 0 |o C-1-301 |p 10784 |r 2016-12-01 00:00:00 |w 2016-12-01 |y ARXIU | ||
| 999 | |c 48747 |d 48747 | ||